[Event "BCF-ch 89th"]
[Site "Torquay"]
[Date "2002.08.08"]
[Round "10"]
[White "Harikrishna, Pentala"]
[Black "Haslinger, Stewart"]
[Result "0-1"]
[WhiteElo "2568"]
[BlackElo "2310"]
[Annotator "McShane,L"]
[PlyCount "68"]
[EventDate "2002.07.29"]
[EventType "swiss"]
[EventRounds "11"]
[EventCountry "ENG"]
[SourceTitle "CBM 091"]
[Source "ChessBase"]
[SourceDate "2002.11.12"]
[SourceVersion "1"]
[SourceVersionDate "2002.11.12"]
[SourceQuality "1"]

1. d4 d5 2. c4 e6 3. Nf3 c6 4. g3 dxc4 5. Bg2 b5 6. O-O Bb7 7. a4 Nd7 8. Nc3 a6
9. Ne5 {White has sacrificed a pawn but hopes his lead in development will
provide compensation.} Nxe5 10. dxe5 Ne7 11. Qxd8+ Kxd8 12. Rd1+ (12. axb5 axb5
13. Rxa8+ Bxa8 14. Nxb5 {wins a pawn back, but after} cxb5 15. Bxa8 Kc7 {
Black can complete his development and his queenside pawns will give him the
advantage.}) 12... Kc7 13. Ne4 Nd5 {[%csl Rf7][%cal Ye4g5]} 14. Bd2 {Ne4-g5
probably had to be tried at some stage; in the game Haslinger successfully
consolidates his extra pawn.} Kb6 15. axb5 axb5 16. Rxa8 Bxa8 17. Ra1 Be7 18.
Ba5+ Kb7 {Harikrishna found no way to exploit the inconvenience of the bishop
on a8.} 19. Nd6+ Bxd6 20. exd6 {[%csl Gd6][%cal Yd6d7]} Nb6 {White has a
strong pawn, but there is no way to advance it. Meanwhile Haslinger unravels
his pieces and the strength of his queenside pawns becomes important.} 21. e4
Na4 $1 {[%csl Ra1,Ga4]} 22. e5 ({If} 22. Rxa4 bxa4 23. d7 c3 $1 24. Bxc3 (24.
bxc3 a3 {and Black's pawn can't be stopped.}) 24... Rd8 {and the pawn is
stopped}) (22. d7 Nb6 {and once again the pawn will soon be rounded up.}) 22...
Kc8 23. Bc7 Bb7 24. Be4 Nxb2 {[%csl Gb5,Gc4,Gc6] A second pawn down, White is
losing.} 25. Bc2 Nd3 26. f4 (26. Bxd3 cxd3 27. Rd1 Kd7 28. Rxd3 Ra8 {is still
hopeless for White.}) 26... Nb4 27. Bd1 Nd5 28. Ba5 Kd7 29. Bf3 Ra8 $1 {
[%cal Ya8a1]} 30. Bxd5 exd5 31. f5 c5 {[%csl Gb5,Gc4,Gc5,Gd5]} 32. Re1 Rxa5 33.
e6+ fxe6 34. fxe6+ Kxd6 {after 35.e7 Bc6 White will simply be four pawns down.}
0-1

[Event "Metz op 31th"]
[Site "Metz"]
[Date "2013.04.24"]
[Round "4"]
[White "Aguettaz, Maxime"]
[Black "Nguyen, Chi Minh"]
[Result "1/2-1/2"]
[WhiteElo "2412"]
[BlackElo "2372"]
[Annotator "Metz Alekhine/Primel,D"]
[PlyCount "41"]
[EventDate "2013.04.20"]
[EventType "swiss"]
[EventRounds "9"]
[EventCountry "FRA"]
[SourceTitle "EXT 2016"]
[Source "ChessBase"]
[SourceDate "2015.10.08"]
[SourceVersion "1"]
[SourceVersionDate "2015.10.08"]
[SourceQuality "1"]
[TimeControl "40/5400:1800+30"]
[WhiteClock "1:30:00"]
[BlackClock "1:30:00"]

1. c4 e6 2. Nf3 d5 3. d4 Bb4+ $5 4. Bd2 (4. Nc3 Nf6) 4... a5 5. e3 {73} (5. g3
dxc4 6. Bg2 Nc6 7. e3 Nge7 8. O-O O-O 9. Qc2 b5 10. a4 Ba6 11. axb5 Bxb5 12.
Rc1 Rb8 13. Bc3 Bd6 14. Nbd2 Nd5 15. Qd1 Nxc3 16. bxc3 a4 17. Bf1 Na5 18. Ra2
c5 19. Be2 Qe7 20. Qf1 Rfc8 21. dxc5 Bxc5 22. Rb1 a3 23. Ne5 Qc7 24. Nexc4 Nxc4
25. Bxc4 Bc6 26. Rxb8 Rxb8 27. Nb3 Bf8 28. Nd4 Ba8 29. Qe2 Qb7 30. f3 Qb1+ 31.
Qf1 Bd5 32. Ra1 a2 33. Bb5 Qxf1+ 34. Rxf1 e5 {Postny,E (2631)-Istratescu,A 
(2664) Bastia 2013 0-1}) 5... Ne7 $146 {71 Nouveauté au 5ème coup!} (5... Nf6
6. Bd3 O-O 7. O-O b6 8. cxd5 exd5 9. Qc2 Bb7 10. Ne5 Bd6 11. Nc3 c5 12. Nb5 c4
13. Be2 Nc6 14. f4 Nb4 15. Qd1 Ne4 16. a3 Nc6 17. Bf3 f5 18. b3 Bxe5 19. fxe5
Ba6 20. bxc4 dxc4 21. Nc3 Nxe5 22. dxe5 {1/2-1/2 (22) Postny,E (2627)
-Istratescu,A (2651) Nancy 2013}) 6. Nc3 c6 7. Bd3 Nd7 8. O-O f5 (8... O-O) 9.
cxd5 exd5 10. Ne2 {[%emt 0:00:42]} Bd6 {[%emt 0:00:43]} 11. Nf4 Nf6 12. Ne5 $14
O-O 13. Rc1 Ne4 14. Be1 Bxe5 15. dxe5 Ng6 16. Nxg6 hxg6 17. Bxe4 dxe4 18. Bc3
Be6 19. a3 Qxd1 20. Rfxd1 Bd5 {[%csl Gd5] le mauvais B s'est ranimé} 21. h4 {
[%cal Gf8d8,Ga8d8] Suivi de Rd8 sans préciser la case d'origine et nulle au
27ème coup} 1/2-1/2

[Event "Nova Gorica op 02nd"]
[Site "Nova Gorica"]
[Date "1997.??.??"]
[Round "5"]
[White "Malaniuk, Vladimir P"]
[Black "Zelcic, Robert"]
[Result "1-0"]
[WhiteElo "2610"]
[BlackElo "2455"]
[Annotator "Mikhalchishin,A"]
[PlyCount "71"]
[EventDate "1997.01.??"]
[EventType "swiss"]
[EventRounds "9"]
[EventCountry "SLO"]
[SourceTitle "CBM 056 Extra"]
[Source "ChessBase"]
[SourceDate "1997.03.01"]
[SourceVersion "1"]
[SourceVersionDate "1997.03.01"]
[SourceQuality "1"]

1. d4 Nf6 2. Nf3 c5 3. e3 e6 4. c4 d5 5. cxd5 exd5 6. Bb5+ Bd7 7. Bxd7+ Nbxd7
8. dxc5 (8. b3) 8... Nxc5 9. O-O Bd6 10. Bd2 O-O 11. Bc3 Nfe4 12. Bd4 Ne6 13.
Nc3 Qa5 (13... Nxd4 14. Qxd4 Nxc3 15. Qxc3 Qb6) 14. Ne2 Rac8 15. Qb3 Rc4 16. a3
$1 Qa6 17. Qd3 Rfc8 $6 (17... Rd8) 18. Bc3 N4g5 $5 19. Nxg5 $1 Nxg5 (19...
Bxh2+ 20. Kh1 $1 Rh4 (20... Nxg5 21. f4 Qh6 22. fxg5 Qh5 23. Ng1 $1 Bg3+ 24.
Nh3) 21. Qxa6 Bd6+ 22. Nh3) 20. Qxd5 $1 R4c5 (20... Bxh2+ 21. Kxh2 Qh6+ 22. Kg1
Rh4 23. Ng3 Ne4 24. Qxe4 $1 $18) (20... R8c5 21. Qd1) 21. Qd4 Be5 22. Qg4 Ne6
23. Bxe5 Rxe5 24. Nc3 Qb6 25. Qb4 $1 Qc6 26. Rad1 Rc5 27. Qb3 Kh8 28. h3 h6 29.
f4 b5 30. f5 Ng5 31. h4 Nh7 32. Qxf7 Rf8 33. Qe7 Rg8 34. Rd7 Qc8 35. f6 Rc7 36.
fxg7+ 1-0

[Event "Varazdin GM"]
[Site "Varazdin"]
[Date "2003.11.29"]
[Round "9"]
[White "Koziak, Vitali"]
[Black "Georgiev, Vladimir"]
[Result "1-0"]
[WhiteElo "2460"]
[BlackElo "2596"]
[Annotator "Mikhalevski,V"]
[PlyCount "59"]
[EventDate "2003.11.24"]
[EventType "tourn"]
[EventRounds "10"]
[EventCountry "CRO"]
[EventCategory "10"]
[SourceTitle "CBM 099"]
[Source "ChessBase"]
[SourceDate "2004.03.30"]
[SourceVersion "1"]
[SourceVersionDate "2004.03.30"]
[SourceQuality "1"]

1. d4 d5 2. c4 e6 3. Nf3 Nf6 4. Bg5 $5 {A tricky move. White keeps an option
of Nbd2 open.} (4. Nc3) 4... c6 (4... dxc4 $5) 5. e3 Qa5+ 6. Nbd2 Ne4 7. Bf4
Nd7 8. a3 $14 {[%cal Gb2b4]} g5 {A very risky from the positional point of
view decision. Probably Black tried to outplay his lower-rated opponent in a
messy position.} ({Black can switch to Stonewall positions with} 8... f5 $5 9.
Bd3 Be7 10. O-O O-O $14 {Radziewicz-Bui Vinh,2002}) ({Also} 8... Nxd2 {doesn't
promise equality.} 9. Nxd2 (9. Qxd2 Qxd2+ 10. Kxd2 $14 {0-1 Schussler,H-Gausel,
E/Sweden SWE 2003/The Week in Chess 437 (62)}) 9... dxc4 10. Bxc4 Be7 11. b4
Qd8 12. O-O O-O 13. Qb3 Nb6 14. Bd3 Nd5 15. Be5 Bd6 16. Nc4 Bc7 17. a4 $14 {
Kharlov-Scherbakov,St Petersburg,1993}) ({Other moves that were tried are} 8...
c5) ({and} 8... Ndf6) 9. Nxg5 Nxg5 10. Bxg5 dxc4 {[%csl Rg5][%cal Ga5g5]} 11.
Bf4 e5 $2 {Unnecessary pawn sacrifice.} (11... b5 {defending the c4-pawn was a
must.}) 12. dxe5 Nb6 $2 {Another bad move. Now Black will also have a problem
with the c4-pawn.} ({It was necessary to open the position with} 12... Nxe5 13.
Bxe5 Qxe5 14. Nxc4 Qf6 {and at least Black got a bishop pair.}) 13. Qc2 Be6 14.
O-O-O Rd8 $2 {Black gives up the c4-pawn for nothing.} ({It was necessary to
exchange the c-pawn with} 14... c3 15. Qxc3 Qxc3+ 16. bxc3 Bxa3+ 17. Kc2 $16 {
with some practical chances for Black.}) 15. Nxc4 {In this game White just
needs to collect pawns.} Rxd1+ 16. Kxd1 Qd5+ 17. Nd2 Bg7 18. e4 {Not a bad
practical decision. White avoids any complications which could arise after 18.
Qc3} ({Also solid} 18. Qc3 $5 {deserved serious attention}) 18... Qd4 ({
Hardly better is} 18... Qa2 {White can choose between} 19. Qb1 {trading the
Queens} ({and} 19. Bd3 $5) 19... Qxb1+ (19... Bb3+ 20. Kc1) 20. Nxb1 Nd7 $16)
19. Qc3 Qa4+ ({Black had to look for practical chances after} 19... Qxc3 20.
bxc3 Nd7 $16) 20. Kc1 {Now Black is two pawns down for nothing.} O-O 21. Bd3 c5
({or} 21... f6 22. exf6 Bxf6 23. Be5 $18) 22. Be3 {[%cal Gf2f4]} c4 23. Bc2 Qb5
24. f4 $18 {Now Black's completely lost. The rest is clear without any
comments.} Bg4 25. Bxb6 Qxb6 26. Nxc4 Qh6 27. Qg3 Be6 28. Nd6 f6 29. Bb3 $1 f5
(29... fxe5 30. Nf5 $1 {[%csl Re6,Rg7,Rh6]}) 30. Nxf5 {A really bad game of
the Bulgarian GM.} 1-0

[Event "USA-ch GpB"]
[Site "San Diego"]
[Date "2006.03.05"]
[Round "3"]
[White "Yermolinsky, Alex"]
[Black "Lugo, Blas"]
[Result "1-0"]
[WhiteElo "2554"]
[BlackElo "2412"]
[Annotator "Mikhalevski,V"]
[PlyCount "47"]
[EventDate "2006.03.02"]
[EventType "swiss"]
[EventRounds "9"]
[EventCountry "USA"]
[SourceTitle "CBM 112"]
[Source "ChessBase"]
[SourceDate "2006.06.07"]
[SourceVersion "1"]
[SourceVersionDate "2006.06.07"]
[SourceQuality "1"]

1. d4 d5 2. c4 c6 3. Nf3 Nf6 4. e3 e6 5. Bd3 Nbd7 6. O-O Ne4 $5 {[%cal Gf7f5]
A relatively rare variation. Black is trying to create "Stonewall" structure.
First this idea was tested against nobody else but Mikhail Botvinnik. See the
game below.} 7. Nfd2 {[%cal Gf2f3] This move, introduced in the origin game by
the fifth Word Champion, has a clear idea behind it. White prepares to
exchange the most active Black's piece-the knight on e4.} (7. b3 {[%cal Gc1a3]
This idea is typical for "Stonewall". After Black placed his pawns on the
light squares it looks logical to exchange the dark-squared bishops.} f5 8. Ba3
Bxa3 9. Nxa3 {[%cal Gb3b4]} a5 $5 (9... O-O $6 10. b4 $1 $14 {0-1 Pyke,
M-Solomon,S/Brisbane AUS 2005/The Week in Chess 582 (36) Atalik,S-Trkulja,G,
Subasic mem 2005 /CBM104[Atalik,S]}) 10. Nd2 O-O 11. f3 Nxd2 12. Qxd2 Nf6 13.
Nc2 b6 14. cxd5 exd5 15. b4 Bd7 16. Rfb1 $6 {Golod,V-Ehlvest,J, New York
Masters 85th 2003/CBM 99[Golod,V]} ({Golod} 16. Rab1 $5)) 7... f5 ({Black also
tried to support the knight on e4 tactically. Somehow I don't like this idea
as it allows White to obtain an extra pawn in the centre. Here is an example.} 
7... Bd6 8. Bxe4 dxe4 9. Nxe4 Bxh2+ 10. Kxh2 Qh4+ 11. Kg1 Qxe4 12. Nc3 Qg6 13.
e4 e5 14. f4 exd4 15. Qxd4 O-O 16. f5 $1 Qf6 17. Qxf6 Nxf6 18. Bf4 $16 {
[%csl Rc8] 1-0 Rowson,J-Norris,A/Largs 1998/EXT 99 (35)}) 8. f3 {A useful move.
White not only drives the knight out of the e4-square, but also prepares the
afore-mentioned break in the centre.} Nxd2 9. Nxd2 {[%cal Gb2b3,Gc1b2] White
is going to develop his dark-squared bishop to b2 and then to prepare a break
in the centre.} Bd6 {This is the best square for the dark-squared bishop in
this setup.} ({Botvinnik faced} 9... Qf6 10. b3 Bd6 11. Bb2 Qh4 12. f4 Nf6 13.
Nf3 Qh5 14. Qe1 h6 15. Be2 O-O 16. Ne5 Qe8 17. Bc3 Ne4 18. Bb4 $16 {and after
the exchange of the dark-squared bishops White obtained a clear advantage.1-0
Botvinnik,M-Poliak,A/Odessa 1929/URS-ch (36)}) ({Another old game featured} 
9... Be7 10. cxd5 cxd5 11. f4 O-O 12. g4 $6 Nf6 13. g5 Ne4 14. Nf3 Bd7 15. Bd2
Qb6 $15 {1/2-1/2 Guimard,C-Eliskases,E/Mar del Plata 1948/MCD (39)}) 10. b3 $5
{[%cal Gc1b2] Preparing the development of the dark-squared bishop to b2.} ({
Lugo already played this line as Black. That time his opponent had chosen} 10.
Qe1 O-O 11. e4 Qb6 $1 12. Nb3 Ne5 $1 13. Qe2 Nxd3 14. Qxd3 Qa6 $1 $15 {[%csl
Rc4] and Black obtained the upper hand.1/2-1/2 Vera,R-Lugo,B/Matanzas 1992/CBM
029 ext (63)}) 10... O-O 11. Bb2 {[%cal Ge3e4] Almost everything is ready for
e4 and so Black meets it with a preventive blow in the centre.} (11. f4 $5 {
[%cal Gd2f3] Preventing e5 deserved attention.}) 11... e5 $1 12. cxd5 cxd5 13.
dxe5 {Otherwise Black plays e4 with a comfortable position.} Nxe5 ({The
exchange of the dark-squared bishops is less logical as it weakens the dark
squares.} 13... Bxe5 14. Qc2 Qf6 15. Rab1 $11) 14. Qe2 f4 $1 15. Rfe1 fxe3 (
15... Nxd3 $5 {deserved serious attention. Now after} 16. Qxd3 fxe3 17. Qxe3
Bf5 $15 {it's not easy for White to stabilize the position in view of some
threats on the kingsde and along the a7-g1-diagonal. Nevertheless I believe
that after} 18. Kh1 {White should be able to equalize.}) 16. Qxe3 Nxd3 (16...
Nc6 {was a playable alternative.} 17. Rad1 Qh4 18. Nf1 b6 {[%cal Gd6c5]} 19.
Kh1 $11) 17. Qxd3 Qg5 $6 {An inaccuracy, which makes White's task easier.} (
17... Bc7 $5 {Protecting the d5-pawn and preparing an attack of the queen by
means of Bf5.} 18. Rad1 ({Worse is} 18. Kh1 Bf5 $5 19. Qd4 Rf7 {[%cal Gc7b6]}
20. Nf1 Bb6 21. Qe5 d4 $15) 18... Bf5 19. Ne4 $1 Ba5 (19... dxe4 $2 20. Qc4+ {
[%csl Rd8,Rg8]}) (19... Bxh2+ {leads only to equality.} 20. Kxh2 Qh4+ 21. Kg1
dxe4 22. fxe4 Be6 $11) 20. Qd4 (20. b4 $5 Qb6+ 21. Re3 $1 dxe4 22. Qb3+ Rf7 23.
bxa5 Qxb3 24. axb3 exf3 25. Rxf3 $11) 20... Rf7 (20... Bb6 $6 21. Nc5 $14) 21.
b4 $1 dxe4 22. bxa5 Qxd4+ 23. Bxd4 exf3 24. gxf3 Bd7 $15 {with a minimal
advantage for Black thanks to the weakness of the pawn f3 and the white king.
This is probably the best Black could obtain.}) (17... Rf7 $5 {is an
additional option to protect the d5-pawn.}) 18. Kh1 $1 {White moves the king
to a safer place away from the weak a7-g1 diagonal.} (18. Be5 $5 Bc5+ 19. Kh1
Be6 20. Bd4 Bxd4 (20... Bf5 21. Qc3 b6 22. Bxc5 bxc5 23. Rad1 $14) 21. Qxd4 $11
) 18... Bd7 $2 {Black misses a simple tactical blow and gets in trouble.} ({
After} 18... Bf4 19. Rad1 Rd8 20. Nf1 $14 {[%csl Rd5] White has a slight edge
thanks to the weak d-pawn.}) 19. Be5 $1 $16 {[%csl Rd5,Rd6] A double attack on
d5 and d6. White wins at least a pawn.} Bb4 $2 {This leads to White's decisive
advantage. Three mistakes and Black's position from slightly better transposes
to a lost game.} ({Black had to play} 19... Bxe5 20. Qxd5+ Rf7 21. Rxe5 Qf4 22.
Rae1 $16 {and White is a pawn up without any compensation.}) 20. Qxd5+ Kh8 21.
Qxd7 $18 Rad8 ({Only now Black realized that} 21... Bxd2 {can be met by means
of} 22. Bxg7+ (22. Re2 $5) 22... Qxg7 23. Qxd2 $18) 22. Qxb7 Bxd2 (22... Rxd2 {
[%cal Gg5g2] doesn't help in view of} 23. f4 $1 {[%csl Rb4][%cal Yb7g2]} Qe7
24. Qxe7 Bxe7 25. Bxg7+ $18 {[%csl Re7]}) 23. Re4 $1 {[%csl Rg7][%cal Ge4g4]
Two pawns down with the weakness on g7 Black's position is absolutely hopeless.
} Bc1 {[%cal Gd8d1]} 24. Qxg7+ {The simplest from the practical point of view.
White transposes to an absolutely winning rook endgame, what forces Black to
resign.} (24. Bd4 $5 {[%csl Rg7][%cal Ge4g4] was also strong:} Bf4 25. g3 Rxd4
26. Rxd4 Be5 27. Rd5 Qe3 28. Qf7 $1 $18) 1-0

[Event "Beijing zt 3.3"]
[Site "Beijing"]
[Date "2005.10.24"]
[Round "7"]
[White "Bu, Xiangzhi"]
[Black "Zhou, Weiqi"]
[Result "1-0"]
[WhiteElo "2637"]
[BlackElo "2416"]
[Annotator "Mikhalevski,V"]
[PlyCount "55"]
[EventDate "2005.10.20"]
[EventType "tourn"]
[EventRounds "9"]
[EventCountry "CHN"]
[EventCategory "10"]
[SourceTitle "CBM 110"]
[Source "ChessBase"]
[SourceDate "2006.01.31"]
[SourceVersion "1"]
[SourceVersionDate "2006.01.31"]
[SourceQuality "1"]

1. d4 d5 2. Nf3 c6 3. c4 e6 4. Qc2 Nf6 5. Bg5 dxc4 6. Qxc4 b5 7. Qc2 Bb7 8.
Nbd2 Nbd7 9. e3 Qb6 10. a4 $1 {[%csl Rb5] A relatively recent idea introduced
in a game below and since then tested a number of times.} Bb4 {Black develops
a piece and prevents a5.} (10... a6 $5) 11. Bd3 $5 {Bu already played this way
once and now prepared an improvement.} (11. Be2 O-O {Collas,D-Tregubov,P,
Degremont GP 2004/CBM100[Roiz]}) 11... h6 ({In according to Roiz Black has no
problems after} 11... O-O 12. O-O Rfc8 ({I believe} 12... Rac8 $14 {[%csl Ga8]
leaving the a8-square for the light-squared bishop is better, but also in this
case White's position has to be prefered.}) 13. Bxf6 Nxf6 14. Ne4 Nd7 $1 {
However I can hardly agree with this evaluation.} (14... Nxe4 $6 15. Bxe4 $14 {
[%cal Gf3e5]}) {since after} 15. a5 $1 Qa6 (15... Bxa5 $2 {loses on the spot
after} 16. Nd6 $1 (16. Nc5 $5) 16... Rc7 17. Bxh7+ Kf8 18. Be4 $1 $18 {[%csl
Ra5,Rc6][%cal Gd6b7]})) 12. Bxf6 Nxf6 13. Ne5 $1 {[%csl Rc6,Gd7] Here we go.
Bu shows his home preparation. His idea is to prevent Nd7, which took place in
a game below and also to start a pressure on c6.} ({In the onle preceding game
White played} 13. O-O Nd7 14. Nb3 $6 (14. Rfc1 $1 a6 $1 15. Nb3 $14) 14... bxa4
$1 15. Rxa4 O-O {and so on. 1/2-1/2 Bu Xiangzhi-Tregubov,P/Moscow RUS 2005/
CBM106[Mikhalevski,V] (34)}) 13... a5 $6 {This is too slow.} ({First of all
Black had to complete development and start thinking of c5.} 13... O-O $5 14.
O-O {[%cal Gd2e4] and now in order to play c5 Black has either to exchange his
dark-squared bishop on d2 or to sacrifice a pawn.}) 14. O-O {[%csl Rc5][%cal
Gd2e4,Gd2b3,Gb3c5] Now the knight from d2 is going to c5.} bxa4 $2 {Once again
Black plays on the queenside instead of completing development . It's not a
big surprise that soon he gets a difficult position.} (14... O-O 15. Ne4 Rfd8
16. Rfc1 (16. Nc5 $5) 16... Nxe4 17. Bxe4 Rac8 18. Nd3) 15. Ne4 $1 {[%csl Rc6]
No more c5!} Ba6 {Black decides to exchange his "bad" bishop, but this
exchange doesn't bring a relief.} ({Not much better is} 15... Nxe4 16. Bxe4 {
[%csl Rc6]} Rc8 (16... O-O $2 17. Nd7 {[%csl Rb6,Rf8]}) 17. Qxa4 $16 {[%cal
Gf1c1] and the c6-pawn is doomed anyway.}) 16. Bxa6 Rxa6 17. Rfc1 $1 $16 {
[%csl Ra4,Rc6] Now Black can't prevent loss of two pawns and ends up the
opening part of the game a pawn down.} Nxe4 18. Qxe4 Qb5 (18... Bd6 19. Rxc6
Qb7 20. Qc2 O-O 21. Rxa6 Qxa6 22. Nc4 $16 {[%csl Ra4]}) 19. Rxc6 $1 {An
exchange of all pieces brings White closer to a win.} (19. Nxc6 $5 O-O 20. Qc2
Bd6 21. Rxa4 $16) 19... Rxc6 (19... O-O $1 {would leave more practical chances.
}) 20. Qxc6+ Qxc6 21. Nxc6 Kd7 22. Nxb4 axb4 23. Rxa4 $16 Rc8 $6 {[%cal Gc8c1]
This only helps White.} (23... Rb8 {would be a better try.} 24. Ra7+ Kc6 $1 (
24... Ke8 25. g4 $16 {[%csl Rb4] and later White exploits the weakness of the
b4-pawn bringing his king to the queenside.}) 25. Rxf7 Kd5 $5 (25... Ra8 {
Now comparing to the game White is a tempo down.} 26. g4 Ra2 27. Rxg7 Rxb2) 26.
Rxg7 $140 $2 (26. b3 $5 {[%csl Gc4]} Ke4 $1 27. Rxg7 Kd3 28. Rc7 Ra8 29. h4 Ra3
{with certain counterplay.}) 26... Kc4 $1 {[%csl Rb2]} 27. Rh7 Kb3 28. Rxh6
Kxb2 29. Rxe6 Kc3 $132 {[%csl Gb4] and the b-pawn costs a rook.}) 24. g3 (24.
g4 $5) 24... Rb8 25. Ra7+ Ke8 $6 {A passive defense promises no chances.} ({
The only way to look for counterplay was} 25... Kc6 {although after correct}
26. Rxf7 Kd5 27. b3 $1 {After preventing the penetration of the black king to
b3 Black is in trouble.} (27. Rxg7 Kc4 {[%csl Rb2][%cal Gc4b3]}) 27... Ke4 28.
Rxg7 Kd3 29. Rc7 {and now} Ra8 {doesn't create a threat of mate and so White
can simply play} 30. Rc4 $18) 26. b3 $1 $18 {Black is doomed for a passive and
perspectiveless defense.} Rb5 27. Kg2 g5 28. g4 {and Black decided to end his
suffering and resigned. An easy win for the first board of the Chinese Olympic
team.} 1-0